000 00544nam a2200169 i 4500
001 71296
003 ES-MaACL
005 20240927063113.0
007 t|
008 040809s1961 sp ||||1| spa d
100 0 _aGaya Nuño, Juan Antonio,
_d1913-1976
_956130
245 1 3 _aLa arquitectura española en sus monumentos desaparecidos /
_cJuan Antonio Gaya Nuño.
260 _aMadrid :
_bEspasa-Calpe,
_c1961.
300 _a461 p., 5 lám. :
_bil. ;
_c28 cm.
852 _aES-MaACL
_jC-19450
_bR.48047
999 _c71296
_d71296